000 00379nam a2200145Ia 4500
008 150201s2003 xx 000 0 und d
082 _a610
_bP2003P
100 _aPRAMOD JOHN R.
245 _aPRINCIPLES OF PRACTICAL ORAL MEDICINE
250 _a1ST
260 _bC.B.S PUBLISHERS & DISTRIBUTERS
_aDELHI
_c2003
300 _a1-394
650 _aORAL MEDICINE
942 _2ddc
_cBK
_03
999 _c3003
_d3003